Geometría descriptiva con figuras estereoscópicas /

Gardado en:
Detalles Bibliográficos
Autor Principal: Schmidt, Rudolf (autor)
Formato: Libro
Idioma:Lingua castelá
Publicado: Barcelona, España : Reverté, 1993, c1993
Temas:
Etiquetas: Engadir etiqueta
Sen Etiquetas, Sexa o primeiro en etiquetar este rexistro!

MARC

LEADER 00000nam^a2200000^a^4500
001 000184450
005 20250521000000.0
009 20260310102115.966
020 |a 84-291-5135-4 
037 |a Acervo ITESO - Biblioteca 
041 |a ESP 
082 |a 516. 6  |b SCH 
100 |a Schmidt, Rudolf  |e (autor) 
245 1 0 |a Geometría descriptiva con figuras estereoscópicas /  |c R. Schmidt. 
264 4 |a Barcelona, España :  |b Reverté,  |c 1993, c1993 
300 |a 2 v. (XI, 117, 32) +  |e 1 lentes de tercera dimensión 
336 |a texto  |b txt  |2 rdacontenido 
337 |a sin mediación  |b n  |2 rdamedio 
338 |a volumen  |b nc  |2 rdasoporte 
500 |a Traducción de: Darstellende Geometrie mit Stero-Bildern 
649 |a XX 
650 |a Geometría Proyectiva -  |x Tema Principal 
650 |a Dibujo Técnico 
650 |a Estereoscopía 
650 |a Tercera Dimensión 
650 |a Perspectiva Lineal 
650 |a Geometría 
650 |a Matemáticas 
650 |a Construcción 
650 |a Arquitectura 
910 |a Fondo General 
920 |a Impresos - Libros 
930 |a Colección General 
905 |a 101 
901 |a 0500125297  |b IT1  |c ACC  |u 20250521 
901 |a 0500125300  |b IT1  |c ACC  |u 20250521 
901 |a 0500125303  |b IT2  |c FOL  |u 20250521 
902 |a https://opac.biblio.iteso.mx/vufind/Record/000184450